00362nam a2200157Ia 4500008004100000020001500041041000800056082001600064100001800080245002300098250000600121260003800127300001500165365000700180650001700187210719s1984 xx 000 0 und d a0070333653 aeng a574.87 KARC aKARP (Gerald) aCell biology. Ed.2 a2 aLondonbMcGraw Hill Book Coc1984 axv,896bHB cRs aCell Biology